Statistics for All Kehlani Songs

Click here to take the quiz!

General Stats

  • This quiz has been taken 179 times
    (58 since last reset)
  • The average score is 45 of 100

Answer Stats

AlbumSong% Correct
Suicide Squad: The AlbumGangsta
86%
You Should Be HereN***as
84%
It Was Good Until It Wasn'tToxic
78%
While We WaitNights Like This
75%
It Was Good Until It Wasn'tCan I
73%
SweetSexySavageDistraction
71%
blue water roadeverything
71%
SweetSexySavageCRZY
65%
It Was Good Until It Wasn'tHate the Club
65%
Single #7Honey
61%
blue water roadmelt
61%
While We WaitNunya
61%
It Was Good Until It Wasn'tWater
61%
You Should Be HereYou Should Be Here
59%
blue water roadlittle story
57%
blue water roadaltar
55%
Phases IIChange
55%
It Was Good Until It Wasn'tChange Your Life
55%
blue water roadup at night
55%
While We WaitFeels
53%
While We WaitFootsteps
53%
It Was Good Until It Wasn'tGrieving
53%
SweetSexySavage | You Should Be HereIntro
53%
SweetSexySavagePiece of Mind
53%
blue water roadtangerine
53%
blue water roadany given sunday
51%
While We WaitButterfly
51%
SweetSexySavageKeep On
51%
While We WaitLove Language
51%
blue water roadmore than i should
51%
It Was Good Until It Wasn'tOpen (Passionate)
51%
SweetSexySavageThank You
51%
While We WaitToo Deep
51%
While We WaitMorning Glory
49%
blue water roadwish i never
49%
SweetSexySavageEscape
47%
It Was Good Until It Wasn'tEverybody Business
47%
SweetSexySavageEverything Is Yours
47%
blue water roadget me started
47%
SweetSexySavagePersonal
47%
It Was Good Until It Wasn'tSerial Lover
47%
blue water roadshooter interlude
47%
You Should Be HereThe Way
47%
Single #15Valentine's Day (Shameful)
47%
blue water roadwondering/wandering
47%
SweetSexySavageAdvice
45%
It Was Good Until It Wasn'tBad News
45%
SweetSexySavageDo U Dirty
45%
blue water roadeverything interlude
45%
It Was Good Until It Wasn'tF&MU
45%
SweetSexySavageHold Me by the Heart
45%
SweetSexySavageIn My Feelings
45%
SweetSexySavageI Wanna Be
45%
You Should Be HereJealous
45%
It Was Good Until It Wasn'tLexii's Outro
45%
SweetSexySavageNot Used to It
45%
It Was Good Until It Wasn'tReal Hot Girl Skit
45%
While We WaitRPG
45%
SweetSexySavageUndercover
45%
The Fate of the Furious: The AlbumGood Life
43%
SweetSexySavageToo Much
43%
Cloud 191st Position
41%
It Was Good Until It Wasn'tCan You Blame Me
41%
Cloud 19FWU
41%
You Should Be HereWanted
41%
It Was Good Until It Wasn'tBelong to the Streets Skit
39%
SweetSexySavageGet Like
39%
Single #11Good Thing
39%
You Should Be HereAlive
37%
You Should Be HereRunnin' (Interlude)
37%
You Should Be HereThe Letter
37%
You Should Be HereBright
35%
You Should Be HereUnconditional
35%
You Should Be HereYet
35%
Single #12All Me
33%
Cloud 19As I Am
33%
You Should Be HereBe Alright
33%
You Should Be HereDown for You
33%
You Should Be HereHow That Taste
33%
Single #14You Know Wassup
33%
Cloud 19Deserve Better
31%
Single #5 | SweetSexySavageDid I
31%
Cloud 19How We Do Us
31%
Single #8Touch
31%
Cloud 19Get Away
29%
Single #10Again
27%
Single #9Already Won
27%
Single #624/7
25%
Single #16I Like Dat
25%
Single #13Konclusions
25%
Creed III: The SoundtrackShadows
25%
Cloud 19Tell Your Mama
25%
SingleAntisummerluv
20%
Single #17Back Together
20%
Cloud 19Act a Fool
16%
Single #4Tore Up
14%
Single #2Til the Morning
10%
Single #3Champion
8%

Score Distribution

Percentile by Number Answered

Percent of People with Each Score

Your Score History

You have not taken this quiz since the last reset